Jakie to święto? #1 - Statystyki

Ogólne statystyki
  • Ten quiz został rozwiązany 871 razy
  • Średni wynik to 9 z 15
Statystyki odpowiedzi
Opis Święto % Poprawnych
Napisz ten list miłosny! Wyznaj swoje uczucia! Przecież to święto zakochanych! Walentynki
99%
Święto obchodzone ku czci Św. Mikołaja. Zwyczajem tego święta jest obdarowywanie się prezentami Mikołajki
88%
Powiedział Bartek, że dziś _____ _______, a Bartkowa uwierzyła, dobrych pączków nasmażyła Tłusty Czwartek
87%
Kacper, Melchior i Baltazar Trzech Króli
77%
-Patrz! Latający słoń! -Co? Gdzie? -Nigdzie! Hehe Prima Aprilis
76%
Wkońcu! Po 123 latach niewoli... - To święto upamiętnia odzyskanie niepodległości przez Polskę Święto Niepodległości
75%
Ale najważniejsze jest jednak to... by dobrze zakończyć rok! Sylwester
75%
To święto poprzedza adwent. Tradycje to między innymi ubieranie choinki czy śpiewanie kolęd Boże Narodzenie
71%
Tylko w Polsce, święto to obchodzimy 26 maja! Dzień Matki
70%
Po Triduum Paschalnym... Wielkanoc
60%
Święto to obchodzone jest 14 października Dzień Nauczyciela
53%
Jest to polskie święto państwowe. Ochodzone jest już od 1791 roku. Od 2007 jest również świętem narodowym Litwy Święto Konstytucji 3 maja
35%
Najdłuższy dzień w roku! Pierwszy dzień lata
22%
Zwyczajem już jest, że należy szanować ______. Święto ustanowione po zamieszkach i strajkach w Nowym Jorku. Dzień Kobiet
10%
Przeciwieństwo święta nr. 4 Dzień Mężczyzn
8%
Nie znaleziono quizów pasujących do podanych kryteriów
Rozkład punktacji
Procent ludzi z każdym wynikiem
Percentyl według liczby udzielonych odpowiedzi
Twoja historia wyników
Nie rozwiązałeś tego quizu